00608nam a2200169Ia 4500008004000000082001600040100002900056245006600085250000500151260005100156300001100207650002000218690001900238906001100257999001900268952015100287210210b2002 xxu||||| |||| 00| 0 eng d a510.02 KHAS aKHANNA (M L) and others. aScreening mathematics. (for IIT screening examination). Ed 5. a aMeerut.bJai Prakash Nath Publications.,c2002 aii,384 aIIT Screening  aMaths Entrance a057146 c104540d104540 00102ddc40708MATaALbALcSKd2021-02-17eSchool Book Company, Mangalore.g100.00l0o510.02 KHASp057146r2021-02-17 00:00:00w2021-02-17yBK